Movies Quiz

Random Movies or Cast Quiz

Stiller and Wilson Quiz Stats

 Plays Quiz Updated Oct 28, 2018

Also try: Owen Wilson Movies
Challenge
Share
Tweet
Embed
Score 0/12 Timer 02:00
0 Plays Today
Year Movie % Correct
2001Zoolander
80.2%
2000Meet the Parents
63.6%
2016Zoolander 2
62.2%
2004Starsky & Hutch
56.7%
2004Meet the Fockers
54.2%
2006Night at the Museum
50.1%
2014Night at the Museum 3: Secret of the Tomb
45.3%
2001The Royal Tenenbaums
23.8%
2009Night at the Museum 2: Battle of the Smithsonian
9.4%
2010Little Fockers
9.2%
1996The Cable Guy
8.9%
1998Permanent Midnight
2.9%

You're not logged in!

Compare scores with friends on all Sporcle quizzes.
OR
Log In

You Might Also Like...

Show Comments

Extras

Top Quizzes Today


Score Distribution

Your Account Isn't Verified!

In order to create a playlist on Sporcle, you need to verify the email address you used during registration. Go to your Sporcle Settings to finish the process.

Report this User

Report this user for behavior that violates our Community Guidelines.

Details: